000 00421nam a22001457a 4500
020 _a8177581589
040 _cNUST
082 _a621.3815
_bBOY
100 _aBoylestad , Robert .L
_983339
110 _aNashelsky ,Louis , Kishore , k. Lal
_9123637
245 _aElectronic Devices and Circuit Theory
260 _aIndia:
_bPearson,
_c2006.
650 _aElectronic Devices and Circuit Theory
_965964
942 _2ddc
_cBK
999 _c609771
_d609771